00559nam a2200157Ia 4500008004100000020001800041084002300059100002100082245004500103260003800148300002100186650005600207942000700263999001700270952011400287220326s9999||||xx |||||||||||||| ||und|| a979-692-315-7 a10055 MOO Gov Bo.1 aH. Frazier Moore 0aHUMAS, Membangun Citra Dengan Komunikasi aBandungbRemaja Rosda Karyac2004 axi + 673 halaman aGovernment (Pemerintahan)eG-O-VyHumas, Komunikasi cBK c12564d12564 00104070aPINLbPINL cSHELFd2022-03-26g10.00l0o10055 MOO Gov Bo.1p1005501r2022-03-26w2022-03-26yBK